=LDR 00000nam 2200000 4500 =001 NUTBA000000000000149 =005 20140317135501.0 =006 =007 =008 =020 ##$$a 978-979-27-1874-4 =035 ##$$a 0010-031400000000148 =040 ##$$a NBPDMAT =082 ##$$a 658.4 =090 ##$$a 658.4$bSen y =100 ##$$a Sentana, Aso =245 ##$$a Yesss, i'm a leader$bKepemimpinan bisnis masa kini berbasis kepuasan pelanggan$cAso Sentana =260 ##$$a Jakarta$bGramedia$c2008 =300 ##$$a xiii,238 hlm.$c21 cm. =650 ##$$a Manajemen$bKepemimpinan =850 ##$$a NBPNMAT =990 ##$$a 69913/PN/2014 =990 ##$$a 90216/BPAP-NTB/2014